Exploració a la genètica cerealícola italiana : memòria de viatge / per Josep Ma Soler i Coll memòria de viatge / per Josep Ma Soler i Coll
Descripción Física:
56 f. : mecanografiats, amb fotografies originals ; 32 cm
Materias:
Cereals -- Genètica
MARC
| LEADER | 00000nam a2200000Ia 4500 | ||
|---|---|---|---|
| 001 | 10106 | ||
| 008 | 160829s9999 xx 000 0 cat d | ||
| 080 | |a C-1-1 | ||
| 100 | |a Soler i Coll, Josep M. |q (Josep Maria), |d 1893-1971 |9 33471 | ||
| 245 | |a Exploració a la genètica cerealícola italiana : |b memòria de viatge / per Josep Ma Soler i Coll | ||
| 260 | |a [S.l.] : |b [s.n.], [1932?] | ||
| 300 | |a 56 f. : |b mecanografiats, amb fotografies originals ; |c 32 cm | ||
| 650 | |a Cereals |x Genètica |9 34564 | ||
| 901 | |a Arxiu | ||
| 942 | |n 1 | ||
| 952 | |0 0 |1 0 |4 0 |6 C11 |7 1 |9 46566 |a Arxiu |b Arxiu |d 2016-12-01 |l 0 |o C-1-1 |p 10106 |r 2016-12-01 00:00:00 |w 2016-12-01 |y ARXIU | ||
| 999 | |c 50359 |d 50359 | ||